Plecs poètics catalans del segle XVII de la Biblioteca de Catalunya / estudi i edició per Joana Escobedo
ISBN:
84-505-7149-9
Descripción Física:
CI, 217 p. : il. ; 28 cm
Otros Autores:
Escobedo, Joana
MARC
| LEADER | 00000nam a2200000Ia 4500 | ||
|---|---|---|---|
| 001 | 11324 | ||
| 008 | 160829s1988 xx 000 0 cat d | ||
| 020 | |a 84-505-7149-9 | ||
| 080 | |a A-1-10 | ||
| 245 | |a Plecs poètics catalans del segle XVII de la Biblioteca de Catalunya / estudi i edició per Joana Escobedo | ||
| 260 | |a Barcelona : |b Biblioteca de Catalunya, |c 1988 | ||
| 300 | |a CI, 217 p. : |b il. ; |c 28 cm | ||
| 650 | |a Biblioteca de Catalunya. Col·lecció Bonsoms |x Catàlegs |9 25999 | ||
| 650 | |a Poesia catalana |x S. XVII |x Bibliografia |x Catàlegs |9 26000 | ||
| 700 | |a Escobedo, Joana |9 24280 | ||
| 710 | 1 | |a Biblioteca de Catalunya |9 52741 | |
| 901 | |a Arxiu | ||
| 942 | |n 1 | ||
| 952 | |0 0 |1 0 |4 0 |6 A110 |7 1 |9 43853 |a Arxiu |b Arxiu |d 2016-12-01 |l 0 |o A-1-10 |p 11324 |r 2016-12-01 00:00:00 |w 2016-12-01 |y ARXIU | ||
| 999 | |c 46432 |d 46432 | ||